00591nam a22002057a 450000500170000001000150001702000260003203500140005803700130007208200200008510000230010524500550012825000150018326000350019827000710023330000220030470000180032694200220034499900190036620230921112524.0 aENG-138227 a9789383280407c595.00 aEN-121759 bDBAD/PUB a9202First 2022 aK. K. Singh957242 aOur Famous Padma Bhushan Winners /cBy K. K. Singh aFirst 2022 aDelhibGalaxy Publishersc2022 aAtma Ram Building, Ground Floor 1362, Kashmere GatebDelhie110006 a176 p.c23cm(hbk) eAuthor956915 2ddccENh920mKKS c198496d198496